[Event "23. Torneo San Viator"]
[Site "Madrid ESP"]
[Date "2014.10.05"]
[Round "2.40"]
[White "Gutierrez Soto, Sergio"]
[Black "Castro Uceda, Jose Antonio"]
[Result "1-0"]
[WhiteElo "1409"]
[BlackElo "1582"]
[PlyCount "73"]
[EventDate "2014.09.28"]
[EventType "swiss"]
[EventRounds "9"]
[EventCountry "ESP"]
[SourceTitle "Ajedrez en Madrid"]
[Source "lmi"]
[SourceDate "2014.09.28"]
[SourceVersion "1"]
[SourceVersionDate "2014.12.18"]
[SourceQuality "1"]

1. c4 c5 2. g3 e6 3. Nc3 d5 4. cxd5 exd5 5. Bg2 Nf6 6. d3 Be7 7. Bf4 a6 8. Nf3
O-O 9. O-O Nc6 10. a3 d4 11. Ne4 Nxe4 12. dxe4 Qb6 13. Rb1 Be6 14. Qd2 Na5 15.
Ng5 Ba2 16. Rbd1 Rac8 17. b4 cxb4 18. Qxa2 b3 19. Qb1 Bxa3 20. e5 g6 21. Rd3
Rc2 22. Bd2 Rb2 23. Qa1 Nc4 24. Bc1 Ra2 25. Qxd4 b2 26. Bxb2 Qxb2 27. Qxc4 b5
28. Qh4 h5 29. Re3 Be7 30. Qf4 Ra4 31. Re4 Rxe4 32. Bxe4 Qa2 33. h4 Rc8 34. Qf3
Rc5 35. e6 Bxg5 36. Qxf7+ Kh8 37. Bxg6 1-0

[Event "23. Torneo San Viator"]
[Site "Madrid ESP"]
[Date "2014.10.05"]
[Round "2.41"]
[White "Garcia Rojas, Juan Carlos"]
[Black "Jarne Anguita, Miguel"]
[Result "1/2-1/2"]
[WhiteElo "1562"]
[BlackElo "1387"]
[PlyCount "109"]
[EventDate "2014.09.28"]
[EventType "swiss"]
[EventRounds "9"]
[EventCountry "ESP"]
[SourceTitle "Ajedrez en Madrid"]
[Source "lmi"]
[SourceDate "2014.09.28"]
[SourceVersion "1"]
[SourceVersionDate "2014.12.18"]
[SourceQuality "1"]

1. e4 c5 2. Nf3 d6 3. Bc4 Nf6 4. d3 g6 5. c3 Bg7 6. Nbd2 O-O 7. O-O Bd7 8. Re1
b5 9. Bb3 Nc6 10. a4 a6 11. e5 dxe5 12. Nxe5 Nxe5 13. Rxe5 bxa4 14. Bc4 Bb5 15.
Rxc5 Qb6 16. d4 Rac8 17. Rxc8 Rxc8 18. Bxb5 axb5 19. Qe2 Qd6 20. Qxb5 Qe6 21.
Nf3 Qe4 22. Be3 Ra8 23. Ng5 Qc2 24. Qb7 Ra5 25. Rc1 Qe2 26. Qxe7 Rxg5 27. Qd8+
Bf8 28. Bxg5 Ng4 29. Bh4 Qxb2 30. Qg5 Bh6 31. Qd8+ Bf8 32. Re1 Qxc3 33. f3 Nh6
34. h3 Nf5 35. Bf2 a3 36. Re8 Qb4 37. g4 Ng7 38. Be1 a2 39. Bxb4 a1=Q+ 40. Re1
Ne6 41. Qb8 Qxd4+ 42. Kg2 Qxb4 43. Qxb4 Bxb4 44. Rb1 Bd6 45. h4 Nf4+ 46. Kf2
Be7 47. g5 f6 48. Rb7 Kf7 49. Kg3 Nd5 50. f4 Ke6 51. Ra7 Ne3 52. Kf3 Nf5 53.
Kg4 h6 54. gxf6 Kxf6 55. h5 1/2-1/2

[Event "23. Torneo San Viator"]
[Site "Madrid ESP"]
[Date "2014.10.05"]
[Round "2.42"]
[White "Escribano Serrano, Pedro"]
[Black "Benitez Cadenas, Luis Miguel"]
[Result "1-0"]
[WhiteElo "1771"]
[BlackElo "1638"]
[PlyCount "120"]
[EventDate "2014.09.28"]
[EventType "swiss"]
[EventRounds "9"]
[EventCountry "ESP"]
[SourceTitle "Ajedrez en Madrid"]
[Source "lmi"]
[SourceDate "2014.09.28"]
[SourceVersion "1"]
[SourceVersionDate "2014.12.18"]
[SourceQuality "1"]

1. d4 d5 2. Nf3 c5 3. e3 Nc6 4. c3 Bg4 5. Nbd2 cxd4 6. exd4 Nf6 7. Bd3 e6 8.
O-O Qc7 9. Re1 Bd6 10. Nf1 O-O-O 11. h3 Bh5 12. Be2 Bxf3 13. Bxf3 Rdg8 14. b3
g5 15. g4 h5 16. gxh5 g4 17. hxg4 Rxh5 18. g5 Rh4 19. Kg2 Bf4 20. Ng3 Rxg5 21.
Bxf4 Qxf4 22. Rh1 Ne4 23. Rxh4 Qxh4 24. Bxe4 Qxe4+ 25. Qf3 Qg6 26. Rh1 Ne7 27.
Rh8+ Kd7 28. Qf4 Qe4+ 29. Qxe4 dxe4 30. Rb8 Kc7 31. Re8 Nf5 32. Rf8 Rg7 33. Kf1
Nxg3+ 34. fxg3 f5 35. Kf2 Kd6 36. c4 b6 37. Rd8+ Rd7 38. Rf8 Rh7 39. Rd8+ Kc7
40. Re8 Kd7 41. Ra8 Rh2+ 42. Ke3 Rxa2 43. Kf4 Ra3 44. Ke5 e3 45. Rh8 Ra5+ 46.
d5 exd5 47. cxd5 e2 48. Rh7+ Kc8 49. Rh1 Rb5 50. Re1 Rxb3 51. Rxe2 Rxg3 52.
Kxf5 Rd3 53. Ke6 Kd8 54. Rg2 Re3+ 55. Kd6 a6 56. Rg8+ Re8 57. Rg7 Rh8 58. Rg6
b5 59. Kc5 Re8 60. Rxa6 Re5 1-0

[Event "23. Torneo San Viator"]
[Site "Madrid ESP"]
[Date "2014.10.05"]
[Round "2.45"]
[White "Mosteiro Montoro, Alvaro"]
[Black "Rodriguez Alonso, Marcos"]
[Result "0-1"]
[WhiteElo "1586"]
[BlackElo "1746"]
[PlyCount "64"]
[EventDate "2014.09.28"]
[EventType "swiss"]
[EventRounds "9"]
[EventCountry "ESP"]
[SourceTitle "Ajedrez en Madrid"]
[Source "lmi"]
[SourceDate "2014.09.28"]
[SourceVersion "1"]
[SourceVersionDate "2014.12.18"]
[SourceQuality "1"]

1. d4 d5 2. c4 e6 3. Nc3 Nf6 4. Bg5 Be7 5. e3 h6 6. Bh4 Nbd7 7. Nf3 b6 8. cxd5
exd5 9. Bb5 Bb7 10. Ne5 O-O 11. Nxd7 Nxd7 12. Bxe7 Qxe7 13. O-O Nf6 14. Bd3 c6
15. Re1 Rfe8 16. a3 Qd7 17. e4 dxe4 18. Bxe4 Nxe4 19. Rxe4 Rxe4 20. Nxe4 c5 21.
Ng3 cxd4 22. Qd3 Qd5 23. f3 Re8 24. Rd1 Re3 25. Qf5 Qb3 26. Qb1 Re5 27. Qc1 d3
28. Rd2 Ba6 29. Ne4 f5 30. Qc3 Qe6 31. Ng3 Re1+ 32. Kf2 Qe3# 0-1

[Event "23. Torneo San Viator"]
[Site "Madrid ESP"]
[Date "2014.10.05"]
[Round "2.46"]
[White "Rendo Quindos, Pedro"]
[Black "Algaba Traspuesto, Jose Antoni"]
[Result "0-1"]
[WhiteElo "1657"]
[BlackElo "1691"]
[PlyCount "96"]
[EventDate "2014.09.28"]
[EventType "swiss"]
[EventRounds "9"]
[EventCountry "ESP"]
[SourceTitle "Ajedrez en Madrid"]
[Source "lmi"]
[SourceDate "2014.09.28"]
[SourceVersion "1"]
[SourceVersionDate "2014.12.18"]
[SourceQuality "1"]

1. e4 c5 2. b3 Nc6 3. Bb2 e5 4. Nf3 d6 5. Bb5 Nge7 6. Nc3 a6 7. Bxc6+ Nxc6 8.
Nd5 Be7 9. O-O O-O 10. h3 f5 11. d3 g5 12. Nh2 Be6 13. Nxe7+ Qxe7 14. exf5 Bxf5
15. Ng4 Qe6 16. Ne3 Bg6 17. c4 Nb4 18. Qg4 Qxg4 19. hxg4 Nxd3 20. Bc3 Rf7 21.
Nd5 Raf8 22. Rad1 Rxf2 23. Ne7+ Kg7 24. Rxf2 Nxf2 25. Nxg6 hxg6 26. Rxd6 Nxg4
27. Rd5 Kf6 28. Rxc5 Kf5 29. Rc7 Re8 30. Kf1 Ne3+ 31. Kf2 Nd1+ 32. Ke1 Nxc3 33.
Rxb7 Rd8 34. Kf2 Rd2+ 35. Kg3 Rxa2 36. Rf7+ Ke4 37. c5 Ne2+ 38. Kh2 Nd4 39. b4
a5 40. bxa5 Rxa5 41. c6 Nxc6 42. Rf6 Ne7 43. Kh3 Kd4 44. Rd6+ Nd5 45. Kg3 e4
46. Kf2 e3+ 47. Ke2 Ra2+ 48. Kd1 Rxg2 0-1

[Event "23. Torneo San Viator"]
[Site "Madrid ESP"]
[Date "2014.10.05"]
[Round "2.47"]
[White "Del Noval Nemeshazi, Mario"]
[Black "Del Noval Perez, Jeronimo"]
[Result "1-0"]
[WhiteElo "1309"]
[BlackElo "1448"]
[PlyCount "105"]
[EventDate "2014.09.28"]
[EventType "swiss"]
[EventRounds "9"]
[EventCountry "ESP"]
[SourceTitle "Ajedrez en Madrid"]
[Source "lmi"]
[SourceDate "2014.09.28"]
[SourceVersion "1"]
[SourceVersionDate "2014.12.18"]
[SourceQuality "1"]

1. e4 e5 2. Nf3 Nc6 3. d4 exd4 4. Nxd4 Nf6 5. Nc3 Bb4 6. Nxc6 dxc6 7. Qxd8+
Kxd8 8. Bd3 Be6 9. O-O Bxc3 10. bxc3 Ke7 11. Ba3+ Kd7 12. Rfd1 Rad8 13. e5 Nd5
14. Be4 Kc8 15. Rd3 Nf4 16. Rf3 Nd5 17. Rd3 Kb8 18. Rad1 Rde8 19. Rb1 Nb6 20.
Rb2 Bd5 21. Bxd5 cxd5 22. f4 f6 23. exf6 gxf6 24. Bc5 Na4 25. Rb5 Nxc5 26. Rxc5
Re1+ 27. Kf2 Ra1 28. Rcxd5 c6 29. Ra5 b6 30. Ra3 Rb1 31. Rd6 Rb2 32. Rxf6 Rxc2+
33. Kg1 Kb7 34. Rf7+ Kb8 35. Rfxa7 Rc8 36. Rxh7 Rd8 37. h3 Rd1+ 38. Kh2 Rdd2
39. Rg7 Rxa2 40. Rxa2 Rxa2 41. f5 Rf2 42. Rg6 Rxf5 43. Rxc6 Kb7 44. Re6 Rc5 45.
Re3 b5 46. g4 Kc6 47. Kg3 Kd5 48. Kf4 Rc4+ 49. Kf5 Ra4 50. g5 Ra1 51. g6 Rf1+
52. Kg5 Rg1+ 53. Kh6 1-0

[Event "23. Torneo San Viator"]
[Site "Madrid ESP"]
[Date "2014.10.05"]
[Round "2.48"]
[White "Del Rio Perezagua, Mario"]
[Black "Cortijo Manso, Luis"]
[Result "1-0"]
[WhiteElo "1348"]
[BlackElo "1546"]
[PlyCount "49"]
[EventDate "2014.09.28"]
[EventType "swiss"]
[EventRounds "9"]
[EventCountry "ESP"]
[SourceTitle "Ajedrez en Madrid"]
[Source "lmi"]
[SourceDate "2014.09.28"]
[SourceVersion "1"]
[SourceVersionDate "2014.12.18"]
[SourceQuality "1"]

1. e4 e6 2. d4 d5 3. e5 c5 4. c3 Qb6 5. Nf3 Nc6 6. a3 Bd7 7. b4 cxd4 8. cxd4
Nge7 9. Nc3 Nf5 10. Be3 Nxe3 11. fxe3 a6 12. Be2 Be7 13. O-O O-O 14. Qe1 Rac8
15. Qg3 Qd8 16. Bd3 Nxb4 17. axb4 Rxc3 18. Rfd1 f5 19. exf6 Bxf6 20. Qh3 h6 21.
Qg3 Be7 22. Qg6 Rf6 23. Qh7+ Kf7 24. Ne5+ Ke8 25. Bg6+ 1-0

[Event "23. Torneo San Viator"]
[Site "Madrid ESP"]
[Date "2014.10.05"]
[Round "2.49"]
[White "Lianes Garcia, Alicia"]
[Black "Gallego Romero, Manuel"]
[Result "0-1"]
[WhiteElo "1346"]
[BlackElo "1500"]
[PlyCount "114"]
[EventDate "2014.09.28"]
[EventType "swiss"]
[EventRounds "9"]
[EventCountry "ESP"]
[SourceTitle "Ajedrez en Madrid"]
[Source "lmi"]
[SourceDate "2014.09.28"]
[SourceVersion "1"]
[SourceVersionDate "2014.12.18"]
[SourceQuality "1"]

1. e4 e5 2. Nf3 d6 3. d4 exd4 4. Nxd4 Nf6 5. Nc3 c6 6. Be3 Be7 7. Be2 a5 8. a3
Na6 9. Bxa6 Rxa6 10. b4 b5 11. O-O O-O 12. Re1 Re8 13. f3 h6 14. Qd2 Bf8 15.
bxa5 Qxa5 16. Nb1 Qd8 17. Nb3 Nd7 18. Nc3 Ne5 19. a4 Nc4 20. Qc1 b4 21. Ne2
Nxe3 22. Qxe3 c5 23. Red1 Be7 24. Nxc5 Qb6 25. a5 Qxc5 26. Qxc5 dxc5 27. Nf4
Bf6 28. Ra2 Bd4+ 29. Kh1 Bb7 30. Ne2 Bf6 31. Rd7 Bc6 32. Rd6 Be5 33. Rd1 Bb5
34. Ng3 Rea8 35. Nf5 Rxa5 36. Rxa5 Rxa5 37. g3 Ra1 38. Rxa1 Bxa1 39. Nd6 Ba4
40. Nc4 Bxc2 41. Ne3 b3 42. Nc4 Bd3 43. Nd2 b2 44. Kg1 b1=Q+ 45. Nxb1 Bxb1 46.
Kf2 c4 47. Ke2 Bd3+ 48. Ke1 Kf8 49. Kd1 Ke7 50. Kd2 Kd6 51. Kc1 Kc5 52. Kd2 Kd4
53. Kc1 Ke3 54. Kd1 c3 55. Kc1 Bb2+ 56. Kd1 c2+ 57. Ke1 Bc3# 0-1

[Event "23. Torneo San Viator"]
[Site "Madrid ESP"]
[Date "2014.10.05"]
[Round "2.50"]
[White "Sanz Soriano, Ruben"]
[Black "Estirado De Cabo, Cesar"]
[Result "0-1"]
[WhiteElo "1304"]
[BlackElo "1404"]
[PlyCount "130"]
[EventDate "2014.09.28"]
[EventType "swiss"]
[EventRounds "9"]
[EventCountry "ESP"]
[SourceTitle "Ajedrez en Madrid"]
[Source "lmi"]
[SourceDate "2014.09.28"]
[SourceVersion "1"]
[SourceVersionDate "2014.12.18"]
[SourceQuality "1"]

1. e4 c6 2. d4 d5 3. Nc3 dxe4 4. Nxe4 Bf5 5. Nc5 Qc7 6. Nf3 Nd7 7. Nxd7 Bxd7 8.
Be2 e6 9. O-O Nf6 10. Ne5 Bd6 11. f4 O-O 12. c4 c5 13. d5 Bxe5 14. fxe5 Qxe5
15. dxe6 Bxe6 16. Qe1 Qd4+ 17. Qf2 Qxf2+ 18. Rxf2 Rad8 19. Bg5 Ne4 20. Bxd8
Nxf2 21. Kxf2 Rxd8 22. a4 h6 23. b3 Bf5 24. a5 Bc2 25. a6 b6 26. h3 Bxb3 27.
Rb1 Bc2 28. Rb2 Bf5 29. Ke3 Re8+ 30. Kf4 Be6 31. Rd2 Bc8 32. g4 Bxa6 33. Rd7
Rxe2 34. Rxa7 Bxc4 35. Rb7 Re6 36. Rb8+ Kh7 37. Rb7 Rf6+ 38. Ke5 Bf1 39. h4 Bh3
40. g5 hxg5 41. hxg5 Rf5+ 42. Kd6 Rxg5 43. Rxf7 c4 44. Rc7 b5 45. Rc5 Rg6+ 46.
Kd5 Rb6 47. Kd4 Be6 48. Kc3 b4+ 49. Kb2 c3+ 50. Kc2 b3+ 51. Kxc3 b2 52. Rh5+
Kg6 53. Rh1 b1=Q 54. Rxb1 Rxb1 55. Kc2 Rb8 56. Kd3 Rf8 57. Ke4 Kh6 58. Ke3 g5
59. Ke2 g4 60. Ke1 g3 61. Ke2 g2 62. Ke1 g1=Q+ 63. Ke2 Qg3 64. Kd2 Rf2+ 65. Ke1
Qg1# 0-1

[Event "23. Torneo San Viator"]
[Site "Madrid ESP"]
[Date "2014.10.05"]
[Round "2.51"]
[White "Diaz Del Prado, Carlos"]
[Black "Borras Cerda, Carlos"]
[Result "1/2-1/2"]
[WhiteElo "1288"]
[BlackElo "1384"]
[PlyCount "22"]
[EventDate "2014.09.28"]
[EventType "swiss"]
[EventRounds "9"]
[EventCountry "ESP"]
[SourceTitle "Ajedrez en Madrid"]
[Source "lmi"]
[SourceDate "2014.09.28"]
[SourceVersion "1"]
[SourceVersionDate "2014.12.18"]
[SourceQuality "1"]

1. e4 e5 2. Nf3 Nc6 3. Bb5 f5 4. exf5 e4 5. Qe2 Qe7 6. Bxc6 dxc6 7. Nd4 Qe5 8.
Nf3 Qe7 9. Nd4 Qe5 10. Nf3 Qe7 11. Nd4 Qe5 1/2-1/2

[Event "23. Torneo San Viator"]
[Site "Madrid ESP"]
[Date "2014.10.05"]
[Round "2.54"]
[White "Ortiz Alonso, Carlos"]
[Black "Olias Ruiz, Enrique"]
[Result "1-0"]
[WhiteElo "1349"]
[BlackElo "1212"]
[PlyCount "77"]
[EventDate "2014.09.28"]
[EventType "swiss"]
[EventRounds "9"]
[EventCountry "ESP"]
[SourceTitle "Ajedrez en Madrid"]
[Source "lmi"]
[SourceDate "2014.09.28"]
[SourceVersion "1"]
[SourceVersionDate "2014.12.18"]
[SourceQuality "1"]

1. e4 Nc6 2. Nf3 d6 3. d4 g6 4. c4 Bg7 5. Nc3 Nf6 6. Be2 O-O 7. O-O Re8 8. d5
Ne5 9. Nxe5 dxe5 10. Re1 a6 11. a4 Qd6 12. Bg5 Qb6 13. Rb1 Bd7 14. Kh1 Qxf2 15.
Rf1 Qb6 16. Qd2 Rad8 17. Be3 c5 18. b4 Nxe4 19. Nxe4 Bf5 20. bxc5 Qc7 21. Bf3
Rd7 22. Rb6 e6 23. d6 Qd8 24. Rfb1 Qh4 25. Qe1 Qxe1+ 26. Rxe1 Bxe4 27. Bxe4 f5
28. Rxb7 Rxb7 29. Bxb7 a5 30. c6 Bf6 31. c7 Bh4 32. Rd1 Kf7 33. Bc5 e4 34. d7
Rg8 35. c8=Q Rxc8 36. dxc8=Q h5 37. Qh8 Be7 38. Rd7 g5 39. Rxe7+ 1-0

[Event "23. Torneo San Viator"]
[Site "Madrid ESP"]
[Date "2014.10.12"]
[Round "3.1"]
[White "Elissalt Cardenas, Hector"]
[Black "Garcia-Ruiz Fuentes, Angel M"]
[Result "1-0"]
[WhiteElo "2334"]
[BlackElo "2062"]
[PlyCount "101"]
[EventDate "2014.09.28"]
[EventType "swiss"]
[EventRounds "9"]
[EventCountry "ESP"]
[SourceTitle "Ajedrez en Madrid"]
[Source "lmi"]
[SourceDate "2014.09.28"]
[SourceVersion "1"]
[SourceVersionDate "2014.12.18"]
[SourceQuality "1"]

1. c4 Nf6 2. Nc3 g6 3. g3 Bg7 4. Bg2 d6 5. d3 O-O 6. Rb1 a5 7. e4 e5 8. h3 c6
9. Nge2 Be6 10. O-O Qd7 11. Kh2 Na6 12. b3 d5 13. Bg5 dxc4 14. dxc4 Qc7 15. Qc1
Rfd8 16. Be3 Nb4 17. a3 Na6 18. Na4 Qe7 19. Bb6 Re8 20. Bxa5 Nc5 21. Bb4 Nd3
22. Qc3 Nxb4 23. axb4 b5 24. cxb5 cxb5 25. Nc5 Rec8 26. Nc1 Nd7 27. N1d3 Ra3
28. Qb2 Ra7 29. Ra1 Nxc5 30. Nxc5 Rxa1 31. Rxa1 Rd8 32. Bf1 Bh6 33. Bxb5 Qf6
34. Bd3 Bf8 35. Qe2 Rd4 36. Kg2 Rxb4 37. Nxe6 Qxe6 38. Bc4 Qf6 39. Ra7 Be7 40.
Qd2 Rb8 41. Rd7 Rd8 42. h4 Rxd7 43. Qxd7 Bc5 44. Qc8+ Bf8 45. b4 Kg7 46. b5 Bd6
47. b6 Qe7 48. b7 Qc7 49. Bd5 h6 50. Qe8 g5 51. h5 1-0

[Event "23. Torneo San Viator"]
[Site "Madrid ESP"]
[Date "2014.10.12"]
[Round "3.2"]
[White "Cabanas Bravo, Juan Andres"]
[Black "Renteria, Jorge"]
[Result "0-1"]
[WhiteElo "2058"]
[BlackElo "2313"]
[PlyCount "66"]
[EventDate "2014.09.28"]
[EventType "swiss"]
[EventRounds "9"]
[EventCountry "ESP"]
[SourceTitle "Ajedrez en Madrid"]
[Source "lmi"]
[SourceDate "2014.09.28"]
[SourceVersion "1"]
[SourceVersionDate "2014.12.18"]
[SourceQuality "1"]

1. e4 c5 2. Nf3 d6 3. d4 cxd4 4. Nxd4 Nf6 5. Nc3 a6 6. Bg5 Nbd7 7. Bc4 e6 8. f4
b5 9. Bxe6 fxe6 10. Nxe6 Qb6 11. Nd5 Nxd5 12. Qxd5 Nb8 13. Nxf8 Rxf8 14. Qxa8
h6 15. O-O-O hxg5 16. e5 dxe5 17. Qe4 Nd7 18. fxe5 Qe6 19. Rhe1 Rf4 20. Qa8 Rc4
21. Rd6 Qf5 22. c3 b4 23. Rc6 Nb6 24. Rxb6 Qf2 25. Rb8 Qxe1+ 26. Kc2 Qe2+ 27.
Kb3 Qg4 28. Qd5 Ke7 29. Qg8 Rxc3+ 30. Ka4 Qd7+ 31. Ka5 Rc5+ 32. Kxb4 Qd4+ 33.
Ka3 Ra5+ 0-1

[Event "23. Torneo San Viator"]
[Site "Madrid ESP"]
[Date "2014.10.12"]
[Round "3.3"]
[White "Unciti Juan, Javier"]
[Black "Sotoca Aguado, Jose"]
[Result "1-0"]
[WhiteElo "2106"]
[BlackElo "1948"]
[PlyCount "31"]
[EventDate "2014.09.28"]
[EventType "swiss"]
[EventRounds "9"]
[EventCountry "ESP"]
[SourceTitle "Ajedrez en Madrid"]
[Source "lmi"]
[SourceDate "2014.09.28"]
[SourceVersion "1"]
[SourceVersionDate "2014.12.18"]
[SourceQuality "1"]

1. e4 e6 2. d4 d5 3. Nc3 Bb4 4. e5 c5 5. Bd2 a6 6. Nce2 Bxd2+ 7. Qxd2 c4 8. Nf4
Nc6 9. Be2 Bd7 10. Nf3 Rc8 11. c3 b5 12. h4 Qe7 13. Rh3 f6 14. Rg3 Nh6 15. exf6
Qxf6 16. Nh5 1-0

[Event "23. Torneo San Viator"]
[Site "Madrid ESP"]
[Date "2014.10.12"]
[Round "3.4"]
[White "Cervino Rossel, Cristobal"]
[Black "Cano Mercado, Francisco Manuel"]
[Result "1-0"]
[WhiteElo "2109"]
[BlackElo "1885"]
[PlyCount "80"]
[EventDate "2014.09.28"]
[EventType "swiss"]
[EventRounds "9"]
[EventCountry "ESP"]
[SourceTitle "Ajedrez en Madrid"]
[Source "lmi"]
[SourceDate "2014.09.28"]
[SourceVersion "1"]
[SourceVersionDate "2014.12.18"]
[SourceQuality "1"]

1. d4 d5 2. c4 e6 3. Nc3 Nf6 4. Nf3 c6 5. cxd5 exd5 6. Bg5 Nbd7 7. e3 Qa5 8.
Nd2 Bb4 9. Qc2 O-O 10. Bd3 Re8 11. O-O h6 12. Bh4 a6 13. a3 Be7 14. b4 Qd8 15.
f3 Nf8 16. Rfe1 Be6 17. Bf2 a5 18. Rab1 axb4 19. axb4 b6 20. Ne2 Qd7 21. h3
Rec8 22. e4 Ra3 23. e5 Ne8 24. Nf4 Bg5 25. Nxe6 Nxe6 26. h4 Bxd2 27. Qxd2 Rca8
28. Rec1 Ra2 29. Rc2 Ra1 30. Rcc1 R1a2 31. Rb2 R2a3 32. Bb1 Rc8 33. f4 Nf8 34.
f5 Nc7 35. Ra2 Nb5 36. Rxa3 Nxa3 37. Bd3 b5 38. Qf4 Nc4 39. f6 Ne6 40. Qg4 h5
1-0

[Event "23. Torneo San Viator"]
[Site "Madrid ESP"]
[Date "2014.10.12"]
[Round "3.5"]
[White "Soto Martin, Pablo"]
[Black "Rosa Ramirez, Victor D"]
[Result "1-0"]
[WhiteElo "1781"]
[BlackElo "2023"]
[PlyCount "35"]
[EventDate "2014.09.28"]
[EventType "swiss"]
[EventRounds "9"]
[EventCountry "ESP"]
[SourceTitle "Ajedrez en Madrid"]
[Source "lmi"]
[SourceDate "2014.09.28"]
[SourceVersion "1"]
[SourceVersionDate "2014.12.18"]
[SourceQuality "1"]

1. e4 e6 2. d4 d5 3. Nc3 Bb4 4. e5 c5 5. a3 Bxc3+ 6. bxc3 Qc7 7. Nf3 Ne7 8. a4
cxd4 9. cxd4 Bd7 10. Bd3 O-O 11. O-O Re8 12. Bxh7+ Kxh7 13. Ng5+ Kg8 14. Qh5
Qxc2 15. Qxf7+ Kh8 16. Ra3 Nf5 17. Qg6 Kg8 18. Rh3 1-0

[Event "23. Torneo San Viator"]
[Site "Madrid ESP"]
[Date "2014.10.12"]
[Round "3.7"]
[White "Lopez Benitez, David"]
[Black "Garcia Sanjuan, Jose"]
[Result "1/2-1/2"]
[WhiteElo "1709"]
[BlackElo "1895"]
[PlyCount "71"]
[EventDate "2014.09.28"]
[EventType "swiss"]
[EventRounds "9"]
[EventCountry "ESP"]
[SourceTitle "Ajedrez en Madrid"]
[Source "lmi"]
[SourceDate "2014.09.28"]
[SourceVersion "1"]
[SourceVersionDate "2014.12.18"]
[SourceQuality "1"]

1. Nf3 b6 2. g3 Bb7 3. Bg2 c5 4. O-O Nf6 5. d3 d5 6. Re1 Nc6 7. Nbd2 e5 8. e4
d4 9. Nc4 Bd6 10. a4 h6 11. Nh4 g6 12. f4 Qe7 13. Nxd6+ Qxd6 14. fxe5 Nxe5 15.
Bf4 Qe6 16. Bxe5 Qxe5 17. Bh3 O-O 18. Rf1 Bc8 19. Bxc8 Raxc8 20. Qf3 Rc6 21.
Rf2 Kg7 22. Raf1 a6 23. Ng2 g5 24. h4 Re6 25. Kh2 h5 26. Kg1 Ng4 27. hxg5 Nxf2
28. Rxf2 Qxg5 29. Nf4 Rh6 30. Kg2 Qg4 31. Nd5 Qxf3+ 32. Rxf3 Rc8 33. Ne7 Rch8
34. Nf5+ Kg6 35. Nxh6 Rxh6 36. Kh3 1/2-1/2

[Event "23. Torneo San Viator"]
[Site "Madrid ESP"]
[Date "2014.10.12"]
[Round "3.9"]
[White "Garcia Galeote, Lorenzo"]
[Black "Brasa Olmos, Joaquin"]
[Result "1-0"]
[WhiteElo "1950"]
[BlackElo "1527"]
[PlyCount "114"]
[EventDate "2014.09.28"]
[EventType "swiss"]
[EventRounds "9"]
[EventCountry "ESP"]
[SourceTitle "Ajedrez en Madrid"]
[Source "lmi"]
[SourceDate "2014.09.28"]
[SourceVersion "1"]
[SourceVersionDate "2014.12.18"]
[SourceQuality "1"]

1. d4 Nf6 2. c4 g6 3. Nc3 Bg7 4. e4 d6 5. Nge2 O-O 6. Ng3 Nbd7 7. Be2 c6 8. Be3
Nb6 9. a4 a5 10. e5 dxe5 11. dxe5 Qxd1+ 12. Rxd1 Nfd7 13. f4 Bh6 14. b3 Rb8 15.
Kf2 Na8 16. Rd3 Nc7 17. Rhd1 Rd8 18. Bb6 Nxb6 19. Rxd8+ Kg7 20. f5 Bg5 21. Nge4
Bf4 22. f6+ exf6 23. exf6+ Kh6 24. g3 Ne6 25. gxf4 Nxd8 26. Rxd8 Nd7 27. Nd6
Nxf6 28. Rxc8 Rxc8 29. Nxc8 Kg7 30. Nd6 b6 31. Bf3 c5 32. Nc8 Nd7 33. Bc6 Nb8
34. Bb5 Kf6 35. Nxb6 Kf5 36. Kf3 Ke6 37. Ne4 f5 38. Nxc5+ Kd6 39. Nd3 Nc6 40.
Bxc6 Kxc6 41. Nd5 Kd6 42. h4 h6 43. Ne5 g5 44. hxg5 hxg5 45. Nf7+ Ke6 46. Nxg5+
Kd6 47. Ke3 Kc5 48. Nf7 Kc6 49. Kd4 Kd7 50. Ke5 Kc6 51. Kxf5 Kc5 52. Ke5 Kc6
53. Nd6 Kd7 54. f5 Kd8 55. f6 Kd7 56. f7 Kc6 57. f8=Q Kd7 1-0

[Event "23. Torneo San Viator"]
[Site "Madrid ESP"]
[Date "2014.10.12"]
[Round "3.10"]
[White "Ruiz Sanchez, Roberto"]
[Black "Gutierrez Soto, Sergio"]
[Result "1-0"]
[WhiteElo "1910"]
[BlackElo "1409"]
[PlyCount "61"]
[EventDate "2014.09.28"]
[EventType "swiss"]
[EventRounds "9"]
[EventCountry "ESP"]
[SourceTitle "Ajedrez en Madrid"]
[Source "lmi"]
[SourceDate "2014.09.28"]
[SourceVersion "1"]
[SourceVersionDate "2014.12.18"]
[SourceQuality "1"]

1. e4 d5 2. exd5 Qxd5 3. Nc3 Qa5 4. d4 c6 5. Nf3 Bf5 6. Bc4 e6 7. Bd2 Qc7 8.
Qe2 Nf6 9. O-O-O Bd6 10. Rhe1 Nbd7 11. Ne5 O-O 12. h3 Nb6 13. Bb3 Nfd5 14. g4
Bxe5 15. dxe5 Bg6 16. h4 h6 17. Rg1 Nd7 18. f4 Nc5 19. h5 Nxb3+ 20. axb3 Bh7
21. g5 hxg5 22. Rxg5 Nb4 23. Ne4 Nd5 24. Rdg1 g6 25. Qh2 f6 26. exf6 Nxf6 27.
Nxf6+ Rxf6 28. hxg6 Kh8 29. Bc3 Raf8 30. gxh7 Qxh7 31. Bxf6+ 1-0

[Event "23. Torneo San Viator"]
[Site "Madrid ESP"]
[Date "2014.10.12"]
[Round "3.11"]
[White "Tevar Becerra, Alvaro"]
[Black "Vazquez Gonzalez, Francisco"]
[Result "1/2-1/2"]
[WhiteElo "1556"]
[BlackElo "1975"]
[PlyCount "51"]
[EventDate "2014.09.28"]
[EventType "swiss"]
[EventRounds "9"]
[EventCountry "ESP"]
[SourceTitle "Ajedrez en Madrid"]
[Source "lmi"]
[SourceDate "2014.09.28"]
[SourceVersion "1"]
[SourceVersionDate "2014.12.18"]
[SourceQuality "1"]

1. e4 e5 2. Nf3 Nc6 3. Bb5 f5 4. Nc3 Nf6 5. exf5 e4 6. Qe2 Qe7 7. Bxc6 bxc6 8.
Nd4 Qe5 9. Nb3 d5 10. d3 Bxf5 11. dxe4 dxe4 12. Be3 Bb4 13. Bd4 Qe7 14. Qc4
Bxc3+ 15. Bxc3 Qe6 16. Qa6 e3 17. Nd4 exf2+ 18. Kf1 Qd5 19. Nxf5 Qxf5 20. Qxc6+
Kf7 21. Qxc7+ Nd7 22. Qc4+ Kg6 23. Qd4 Nf6 24. Qxf2 Qxf2+ 25. Kxf2 Ne4+ 26. Kf3
1/2-1/2